Study Guide for Marketing Contemporary Concepts and Practices
Enregistré dans:
| Auteur principal: | |
|---|---|
| Autres auteurs: | , |
| Format: | Livre |
| Langue: | anglais |
| Publié: |
Boston
Allyn and Bacon
1988
|
| Édition: | 3. ed. |
| Sujets: | |
| Tags: |
Pas de tags, Soyez le premier à ajouter un tag!
|
MARC
| LEADER | 00000nam a2200000 4500 | ||
|---|---|---|---|
| 001 | c002642 | ||
| 005 | 20221219121229.3 | ||
| 020 | |a 0-205-10573-4 | ||
| 041 | 0 | |a eng | |
| 044 | |a US | ||
| 245 | 1 | 0 | |a Study Guide for Marketing |b Contemporary Concepts and Practices |c Caroline M. Fisher, Thomas K. Pritchett, William F. Schoell |
| 250 | |a 3. ed. | ||
| 264 | 1 | |a Boston |b Allyn and Bacon |c 1988 | |
| 300 | |a 333 s. | ||
| 610 | 2 | 0 | |a marketing |
| 610 | 2 | 0 | |a prieskum trhu |
| 610 | 2 | 0 | |a manažment |
| 610 | 2 | 0 | |a plánovanie |
| 610 | 2 | 0 | |a kúpa |
| 610 | 2 | 0 | |a výrobky |
| 610 | 2 | 0 | |a zákazníci |
| 610 | 2 | 0 | |a vývoj výrobku |
| 100 | 1 | |a Fisher, Caroline M. | |
| 700 | 1 | |a Pritchett, Thomas K. | |
| 700 | 1 | |a Schoell, William F. | |